Only The Poets - You Can Do Magic (all lyrics) - Statistics

General Stats
  • This quiz has been taken 10 times
  • The average score is 175 of 204
Answer Stats
Answer % Correct
a
100%
all
100%
and
100%
And
100%
But
100%
can
100%
do
100%
don't
100%
from
100%
go
100%
got
100%
I
100%
in
100%
it
100%
It
100%
just
100%
Just
100%
know
100%
like
100%
magic
100%
more
100%
no
100%
Oh
100%
put
100%
right
100%
than
100%
the
100%
Then
100%
think
100%
to
100%
To
100%
used
100%
was
100%
were
100%
what
100%
When
100%
Yeah
100%
You
100%
you
100%
your
100%
you (x4)
100%
back
50%
body
50%
Come
50%
coming
50%
devil
50%
did
50%
eleven
50%
feel
50%
frequency
50%
heart
50%
heaven
50%
Hey
50%
impossible
50%
let
50%
little
50%
loose
50%
made
50%
magical
50%
me
50%
of
50%
other
50%
push
50%
quite
50%
speak
50%
start
50%
supernatural
50%
swear
50%
ten
50%
tonight
50%
took
50%
up
50%
way
50%
weapon
50%
We've
50%
You've
50%
rhythm
0%
No matching quizzes found
Score Distribution
Percent of People with Each Score
Percentile by Number Answered
Your Score History
You have not taken this quiz